Strategy. / (Record no. 8202)
[ view plain ]
| 000 -LEADER | |
|---|---|
| fixed length control field | 01183nam a22002297a 4500 |
| 003 - CONTROL NUMBER IDENTIFIER | |
| control field | OSt |
| 005 - DATE AND TIME OF LATEST TRANSACTION | |
| control field | 20211207142930.0 |
| 008 - FIXED-LENGTH DATA ELEMENTS--GENERAL INFORMATION | |
| fixed length control field | 120530t xxu||||| |||| 00| 0 eng d |
| 024 ## - OTHER STANDARD IDENTIFIER | |
| Standard number or code | 1453901091314 |
| 040 ## - CATALOGING SOURCE | |
| Transcribing agency | LC |
| 050 ## - LIBRARY OF CONGRESS CALL NUMBER | |
| Classification number | HD30.28.S89 |
| 245 ## - TITLE STATEMENT | |
| Title | Strategy. / |
| Statement of responsibility, etc. | Brian Hong ...[et al.]. |
| 246 ## - VARYING FORM OF TITLE | |
| Title proper/short title | BUS 3300 - January 2013 |
| 260 ## - PUBLICATION, DISTRIBUTION, ETC. | |
| Place of publication, distribution, etc. | London, Ontario: |
| Name of publisher, distributor, etc. | Ivey Business School, |
| Date of publication, distribution, etc. | 2013. |
| 300 ## - PHYSICAL DESCRIPTION | |
| Extent | [various pagings].: |
| Other physical details | ill.; |
| 490 ## - SERIES STATEMENT | |
| Materials specified | Business case studies |
| 505 ## - FORMATTED CONTENTS NOTE | |
| Formatted contents note | Contents: Cola wars continue: coke and pepsi in 2010 -- The U.S. airline industry in 1995 -- WestJet in 2009: the fleet expansion decision -- Rogers chocolates Harleguin enterprises Ltd: the MIRA decision -- Lincoln electric CO. -- Netflix -- Newell company: the rubbermaid opportunity -- Zimmer holdings (A) : acquisition of centrepulse, Switzerland -- P&G japan: the SK-II globalization project -- Merck: Managing Vioxx (A) - Sabena Belgian world airlines strike -- Louis Vuitton moet hennessy: in search of synergies in the global luxury industry -- |
| 653 ## - INDEX TERM--UNCONTROLLED | |
| Uncontrolled term | Business planning |
| -- | Strategic planning |
| 700 ## - ADDED ENTRY--PERSONAL NAME | |
| Fuller form of name | Hong, Brian |
| 710 ## - ADDED ENTRY--CORPORATE NAME | |
| Subordinate unit | Ivey Business School |
| 942 ## - ADDED ENTRY ELEMENTS (KOHA) | |
| Source of classification or shelving scheme | Library of Congress Classification |
| Koha item type | Books |
| Withdrawn status | Lost status | Source of classification or shelving scheme | Damaged status | Not for loan | Home library | Current library | Shelving location | Date acquired | Serial Enumeration / chronology | Full call number | Barcode | Date last seen | Price effective from | Koha item type | Collection code | Total Checkouts | Copy number |
|---|---|---|---|---|---|---|---|---|---|---|---|---|---|---|---|---|---|
| Library of Congress Classification | WISCONSIN INTERNATIONAL UNIVERSITY COLLEGE, GHANA - MAIN LIBRARY | WISCONSIN INTERNATIONAL UNIVERSITY COLLEGE, GHANA - MAIN LIBRARY | General Stacks | 20/06/2023 | HD30.28.S89 | 9613/314/23 | 20/06/2023 | 20/06/2023 | Books | Non-fiction | 1 | ||||||
| Library of Congress Classification | WISCONSIN INTERNATIONAL UNIVERSITY COLLEGE, GHANA KUMASI LIBRARY | WISCONSIN INTERNATIONAL UNIVERSITY COLLEGE, GHANA KUMASI LIBRARY | General Stacks | 11/11/2019 | STR/Hon | HD30.28.S89 | K/1890/1890/19 | 07/12/2021 | 07/12/2021 | Books |
